• 首页
  • 本馆介绍
  • 公告通知
  • 最新文献
  • 馆藏检索
  • 电子资源
  • 读者导购
  • 参考咨询
  • 我的图书馆
  • 登录
  • 详细信息显示
  • 放入我的书架
  • 预约/预借图书
  • 作者相关作品
  • 分类相关作品
  • 丛书相关作品
  • 出版社相关作品

书目信息

  • 表格格式
  • 工作单格式
  • 卡片格式
题名:
石刻图像美学与装饰艺术
    
 
作者: 刘俊微 著
分册:  
出版信息: 长春   吉林美术出版社  2017.4
页数: 111页
开本: 24cm
丛书名:
单 册:
中图分类: TU-80 , J525
科图分类:
主题词: 石刻--建筑美学 , 装饰美术
电子资源:
ISBN: 978-7-5575-2372-5
000 01019nam0 2200241 450
001 5101
005 20181015091313.76
010    @a978-7-5575-2372-5@dCNY35.00
100    @a20170512d2017 em y0chiy0110 ea
101 0  @achi
102    @aCN@b220000
105    @ay z 000yy
200 1  @a石刻图像美学与装饰艺术@9shi ke tu xiang mei xue yu zhuang shi yi shu@f刘俊微著
210    @a长春@c吉林美术出版社@d2017.4
215    @a111页@d24cm
330    @a装饰艺术是人类历史上最早的艺术形态之一,也是人类社会最普遍的艺术形态之一。中国装饰艺术是以民间装饰艺术为起点,体现了人民大众不同时期的审美情趣和审美理想,具有丰富的文化内蕴。本书结合了石刻图像美学与装饰艺术的相关知识,对中国装饰艺术的现状和发展作了分析和研究,希望能对民族审美心理的把握提供帮助,对中国现代艺术生态的了解提供帮助,对中国当代美学的深入发展提供一定的助力。
606 0  @a石刻@x建筑美学
606 0  @a装饰美术
690    @aTU-80@v5
690    @aJ525@v5
701  0 @a刘俊微@9liu jun wei@4著
801  0 @aCN@b91CIP@c20170512
905    @aMuseLib@dTU-80@e206
    
    石刻图像美学与装饰艺术/刘俊微著.-长春:吉林美术出版社,2017.4
    111页;24cm
    
    
    ISBN 978-7-5575-2372-5:CNY35.00
    装饰艺术是人类历史上最早的艺术形态之一,也是人类社会最普遍的艺术形态之一。中国装饰艺术是以民间装饰艺术为起点,体现了人民大众不同时期的审美情趣和审美理想,具有丰富的文化内蕴。本书结合了石刻图像美学与装饰艺术的相关知识,对中国装饰艺术的现状和发展作了分析和研究,希望能对民族审美心理的把握提供帮助,对中国现代艺术生态的了解提供帮助,对中国当代美学的深入发展提供一定的助力。
●
相关链接 在E读中查询图书 在五车中查询图书 在当当中查询图书 在豆瓣中查询图书


正题名:石刻图像美学与装饰艺术     索取号:TU-80/206         预约/预借

序号 登录号 条形码 馆藏地/架位号 状态 备注
1 1128129   211281290   第二样本阅览室/ [索取号:TU-80/206] 在馆    
2 1128130   211281307   第三借阅区/ [索取号:TU-80/206] 在馆    
3 1128131   211281316   密集书库-资源管理系/ [索取号:TU-80/206] 在馆    
4 1128132   211281325   第三借阅区/ [索取号:TU-80/206] 在馆    
5 1128133   211281334   第三借阅区/ [索取号:TU-80/206] 在馆    
唐山师范学院图书馆 欢迎您!
大连网信软件有限公司© 版权所有